THE BHARATIYA NAGARIK SURAKSHA SANHITA, 20233 [46 OF 2023] (Record no. 9076)

MARC details
000 -LEADER
fixed length control field 00400nam a22001577a 4500
005 - DATE AND TIME OF LATEST TRANSACTION
control field 20260310165342.0
008 - FIXED-LENGTH DATA ELEMENTS--GENERAL INFORMATION
fixed length control field 260310b |||||||| |||| 00| 0 eng d
041 ## - LANGUAGE CODE
Language code of text/sound track or separate title eng
082 ## - DEWEY DECIMAL CLASSIFICATION NUMBER
Classification number 345.5405 -BAR-T
100 ## - MAIN ENTRY--AUTHOR NAME
Personal name BARE ACT
245 ## - TITLE STATEMENT
Title THE BHARATIYA NAGARIK SURAKSHA SANHITA, 20233 [46 OF 2023]
260 ## - PUBLICATION, DISTRIBUTION, ETC. (IMPRINT)
Place of publication DELHI
Name of publisher PROFESSIONAL BOOK PUBLISHERS
300 ## - PHYSICAL DESCRIPTION
Number of Pages 398;P
650 ## - SUBJECT ADDED ENTRY--TOPICAL TERM
Topical Term LAW
942 ## - ADDED ENTRY ELEMENTS (KOHA)
Koha item type Books
Holdings
Lost status Damaged status Collection code Home library Current library Shelving location Date acquired Source of acquisition Cost, normal purchase price Serial Enumeration / chronology Full call number Accession Number Koha item type
    LAW JRU Library JRU Library SHELF-31-D 09/03/2026 PURCHASE 390.00 LBI/000882 DATE-06/03/2026 345.5405 BARE ACT 29353 Books
    LAW JRU Library JRU Library SHELF-31-D 09/03/2026 PURCHASE 390.00 LBI/000882 DATE-06/03/2026 345.5405 BARE ACT 29354 Books
    LAW JRU Library JRU Library SHELF-31-D 09/03/2026 PURCHASE 390.00 LBI/000882 DATE-06/03/2026 345.5405 BARE ACT 29355 Books
    LAW JRU Library JRU Library SHELF-31-D 09/03/2026 PURCHASE 390.00 LBI/000882 DATE-06/03/2026 345.5405 BARE ACT 29356 Books
    LAW JRU Library JRU Library SHELF-31-D 09/03/2026 PURCHASE 390.00 LBI/000882 DATE-06/03/2026 345.5405 BARE ACT 29357 Books